000 01291cad a22002175a 4500
001 L156794
008 120716s2012 xxk g 000 0 eng d
035 _a(Sirsi) u156794
041 0 _aeng
110 2 _aL. E. K. Consulting
_96012
245 0 0 _aConstruction in the UK economy
_bthe benefits of investment
_bMay 2012 update
_h[electronic resource]
260 _aLondon
_bUKCG
_c2012
505 2 _aIntroduction -- Impact on economic activity -- Contribution to employment -- Benefits of investment -- Conclusion
520 _aThe construction industry is vital to the overall UK economy, but suffered heavily in the recession; this economic update looks at key areas including the significant contribution that construction makes to the UK economy, both at a national level and in supporting the regions, the key contribution that construction makes to UK employment, and the enabling role that construction plays in realising a range of broader economic and social objectives.
590 _aKA NTK
651 4 _aUnited Kingdom
_y
690 _aConstruction management
_96230
710 1 _aUK Contractors Group
_96011
856 4 0 _uhttps://www.ukcg.org.uk/fileadmin/documents/UKCG/futures/Construction_in_the_UK_economy.pdf
_zView this report free of charge at ukcg.org.uk
942 _n0
999 _c114418
_d114418